<?xml version="1.0" encoding="UTF-8"?><?xml-stylesheet type="text/xsl" href="static/style.xsl"?><OAI-PMH xmlns="http://www.openarchives.org/OAI/2.0/" xmlns:xsi="http://www.w3.org/2001/XMLSchema-instance" xsi:schemaLocation="http://www.openarchives.org/OAI/2.0/ http://www.openarchives.org/OAI/2.0/OAI-PMH.xsd"><responseDate>2026-07-01T12:40:37Z</responseDate><request verb="GetRecord" identifier="oai:riubu.ubu.es:10259/7819" metadataPrefix="marc">https://riubu.ubu.es/oai/request</request><GetRecord><record><header><identifier>oai:riubu.ubu.es:10259/7819</identifier><datestamp>2025-10-23T07:51:38Z</datestamp><setSpec>com_10259_9427</setSpec><setSpec>com_10259_5087</setSpec><setSpec>com_10259_2728</setSpec><setSpec>col_10259_9428</setSpec></header><metadata><record xmlns="http://www.loc.gov/MARC21/slim" xmlns:doc="http://www.lyncode.com/xoai" xmlns:xsi="http://www.w3.org/2001/XMLSchema-instance" xmlns:dcterms="http://purl.org/dc/terms/" xsi:schemaLocation="http://www.loc.gov/MARC21/slim http://www.loc.gov/standards/marcxml/schema/MARC21slim.xsd">
<leader>00925njm 22002777a 4500</leader>
<datafield tag="042" ind1=" " ind2=" ">
<subfield code="a">dc</subfield>
</datafield>
<datafield tag="720" ind1=" " ind2=" ">
<subfield code="a">Merino Fernández, Miguel Ángel</subfield>
<subfield code="e">author</subfield>
</datafield>
<datafield tag="260" ind1=" " ind2=" ">
<subfield code="c">2023</subfield>
</datafield>
<datafield tag="520" ind1=" " ind2=" ">
<subfield code="a">Este TFG tiene la misión de dar a conocer la percepción que tiene el alumnado&#xd;
de educación primaria hacia la competencia científica a la par que mejorar estas actitudes en el&#xd;
aula. Para ello se ha implementado una Propuesta Didáctica inclusiva STEAM en un aula de&#xd;
5º de Educación Primaria que incorpora el Diseño Universal para el Aprendizaje, así como&#xd;
diversas metodologías activas, destacando la indagación científica y el diseño en ingeniería. Se&#xd;
trata de un modelo integrado multidisciplinar que usa la narración como hilo conductor de las&#xd;
actividades, por medio del cómic-manga llamado One Piece. Posteriormente a la propuesta se&#xd;
les pasó un cuestionario a los alumnos con preguntas cerradas que pretenden medir diversos&#xd;
aspectos sobre las actitudes hacia la competencia científica. Los resultados han sido positivos&#xd;
en el grupo, siendo revelador el dato de que la media de las chicas mejora a la de los chicos.&#xd;
Aun así, se encuentran ciertos déficits como el poco uso del laboratorio y de visitas a entes&#xd;
científicas. Como mejora, esta investigación necesita de un mayor estudio en el tiempo.</subfield>
</datafield>
<datafield tag="520" ind1=" " ind2=" ">
<subfield code="a">This TFG has the mission of revealing the perception of primary school students&#xd;
towards scientific competence and improving these attitudes in the classroom. To this end, an&#xd;
inclusive STEAM Teaching Proposal has been implemented in a 5th grade Primary Education&#xd;
classroom that incorporates Universal Design for Learning, as well as various active&#xd;
methodologies, highlighting scientific enquiry and engineering design. It is a multidisciplinary&#xd;
integrated model that uses storytelling as the guiding thread of the activities, by means of the&#xd;
comic-manga called One Piece. After the proposal, a questionnaire was given to the students&#xd;
with closed questions intended to measure various aspects of attitudes towards scientific&#xd;
competence. The results have been positive in the group, with the fact that the girls' average is&#xd;
better than the boys' being revealing. Even so, certain deficits are found, such as the low use of&#xd;
the laboratory and visits to scientific institutions. As an improvement, this research needs&#xd;
further study over time.</subfield>
</datafield>
<datafield tag="024" ind2=" " ind1="8">
<subfield code="a">http://hdl.handle.net/10259/7819</subfield>
</datafield>
<datafield ind1=" " ind2=" " tag="653">
<subfield code="a">Educación STEAM</subfield>
</datafield>
<datafield ind1=" " ind2=" " tag="653">
<subfield code="a">Inclusión</subfield>
</datafield>
<datafield ind1=" " ind2=" " tag="653">
<subfield code="a">Metodologías activas</subfield>
</datafield>
<datafield ind1=" " ind2=" " tag="653">
<subfield code="a">Diseño Universal para el Aprendizaje (DUA)</subfield>
</datafield>
<datafield ind1=" " ind2=" " tag="653">
<subfield code="a">Atención a la diversidad</subfield>
</datafield>
<datafield ind1=" " ind2=" " tag="653">
<subfield code="a">Competencia científica</subfield>
</datafield>
<datafield ind1=" " ind2=" " tag="653">
<subfield code="a">STEAM education</subfield>
</datafield>
<datafield ind1=" " ind2=" " tag="653">
<subfield code="a">Inclusion</subfield>
</datafield>
<datafield ind1=" " ind2=" " tag="653">
<subfield code="a">Active methodologies</subfield>
</datafield>
<datafield ind1=" " ind2=" " tag="653">
<subfield code="a">Universal Design for Learning (UDL)</subfield>
</datafield>
<datafield ind1=" " ind2=" " tag="653">
<subfield code="a">Attention to diversity</subfield>
</datafield>
<datafield ind1=" " ind2=" " tag="653">
<subfield code="a">Scientific competence</subfield>
</datafield>
<datafield tag="245" ind1="0" ind2="0">
<subfield code="a">Diseño, implementación y evaluación de una propuesta STEAM inclusiva multimetodológica en Educación Primaria</subfield>
</datafield>
</record></metadata></record></GetRecord></OAI-PMH>